| 000 | 00523nam a22001697a 4500 | ||
|---|---|---|---|
| 003 | NUST | ||
| 038 | _aNusrat Nadeem | ||
| 082 | _a200 | ||
| 100 |
_aAmjad, Moaz _9120863 |
||
| 245 |
_aWhite-Box Adversarial Attack For Handcrafted Features/ _cMoaz Amjad, |
||
| 264 |
_aIslamabad, _bSEECS NUST, _c2024. |
||
| 300 |
_aill: _b75,p: _c30,cm. |
||
| 650 |
_aMS- Electrical Engineering _923567 |
||
| 700 |
_aSupervisor: Dr. Latif Anjum _9120160 |
||
| 856 | _uhttp://10.250.8.41:8080/xmlui/handle/123456789/42036 | ||
| 942 |
_2ddc _cSC |
||
| 999 |
_c607909 _d607909 |
||